01536nam a22002417a 450000500170000000800410001704000520005824500460011026000430015630000380019950003000023750801530053751102480069058600570093865000190099565000340101465000380104870000150108670000310110185600640113285600900119604100080128620170608110958.0130802s2005 xxu g 000 0 eng  aCO-BoUCMcAngélica RojasdAldemar Mondragón00aMunichh[DVD]cSteven Spielberg, director a[Washington]bUniversal Picturesc2005 a1 disco (164 min.)bsonido, color aSIPNOSIS: Basada en hechos reales. Tras el asesinato de varios atletas israelíes por el grupo terrorista palestino "Septiembre Negro" durante los Juegos Olímpicos de Múnich de 1972, un agente especial del Mossad tuvo que ejecutar una misión altamente secreta: asesinar a los responsables aCREDITOS: Director Steven Spielberg ; Guión Tony Kushner, Eric Roth (Novela: George Jonas) ; Música John Williams ; Fotografía Janusz Kaminski aREPARTO: Eric Bana, Daniel Craig, Ciaran Hinds, Mathieu Kassovitz, Hanns Zischler, Geoffrey Rush, Mathieu Amalric, Ayelet Zurer, Michael Lonsdale, Lynn Cohen, Gila Almagor, Marie-Josée Croze, Omar Metwally, Yvan Attal, Valeria Bruni Tedeschi a5 nominaciones a los premios Oscar, mejor película 7aGenocidiovDvd 7aTerrorismozMunichy1972vDvd 7aViolencia políticazIsraelvDvd1 aBana, Eric1 aSteven Spielbergedirector zVer el traileruhttps://www.youtube.com/watch?v=gqX7H1-n10s04uhttps://www.youtube.com/watch?v=gqX7H1-n10szSiga este vínculo para ver el trailer. aeng